Spolupráce Visegrádské čtyřky v oblasti vyzbrojování
Limity spolupráce Vyšehradskej štvorky v oblasi zbrojenia. Rozdiely obranného priemyslu krajín V4. Vojenská spolupráca v širšom európskom kontexte.
Na minha lista:
| Autor principal: | |
|---|---|
| Formato: | Capítulo de Livro |
| Idioma: | tcheco |
| Assuntos: | |
| Tags: |
Sem tags, seja o primeiro a adicionar uma tag!
|
MARC
| LEADER | 00000naa a2200000 4500 | ||
|---|---|---|---|
| 001 | 0126960 | ||
| 005 | 20231016094539.3 | ||
| 041 | 0 | |a cze | |
| 044 | |a CZ | ||
| 245 | 1 | 0 | |a Spolupráce Visegrádské čtyřky v oblasti vyzbrojování |c Karel Zetocha |
| 520 | |a Limity spolupráce Vyšehradskej štvorky v oblasi zbrojenia. Rozdiely obranného priemyslu krajín V4. Vojenská spolupráca v širšom európskom kontexte. | ||
| 610 | 2 | 0 | |a Vyšehradská štvorka |
| 610 | 2 | 0 | |a organizácie medzinárodné |
| 610 | 2 | 0 | |a politika medzinárodná |
| 610 | 2 | 0 | |a spolupráca medzinárodná |
| 610 | 2 | 0 | |a sily ozbrojené |
| 610 | 2 | 0 | |a zbrojenie |
| 100 | 1 | |a Zetocha, Karel | |